Dlhopisové trhy do hĺbky
Podrobnejší pohľad na výnosy. Časti výnosov dlhopisov. Výnosové krivky. Historický vývoj desaťročných výnosov. Dolárové dlhopisy. Riziká pre vývoj dlhopisových trhov. Eurové dlhopisy. Korunové dlhopisy.
Salvato in:
| Autore principale: | |
|---|---|
| Natura: | Capitolo di libro |
| Lingua: | slovacco |
| Soggetti: | |
| Tags: |
Nessun Tag, puoi essere il primo ad aggiungerne!!
|
MARC
| LEADER | 00000naa$a2200000$$$4500 | ||
|---|---|---|---|
| 001 | 0045085 | ||
| 005 | 20231019083937.5 | ||
| 041 | 0 | |a slo | |
| 044 | |a SK | ||
| 245 | 1 | 0 | |a Dlhopisové trhy do hĺbky |c Marek Prokopec |
| 520 | |a Podrobnejší pohľad na výnosy. Časti výnosov dlhopisov. Výnosové krivky. Historický vývoj desaťročných výnosov. Dolárové dlhopisy. Riziká pre vývoj dlhopisových trhov. Eurové dlhopisy. Korunové dlhopisy. | ||
| 610 | 2 | 0 | |a výnosy |
| 610 | 2 | 0 | |a dolár |
| 610 | 2 | 0 | |a euro |
| 610 | 2 | 0 | |a koruna |
| 610 | 2 | 0 | |a trh burzový |
| 610 | 2 | 0 | |a riziko finančné |
| 610 | 2 | 0 | |a trh finančný |
| 610 | 2 | 0 | |a trh kapitálový |
| 610 | 2 | 0 | |a dlhopisy |
| 100 | 1 | |a Prokopec, Marek | |